Returns to investment in education: a further update (Record no. 288670)

000 -LEADER
fixed length control field 00437cam a22001217a 4500
008 - FIXED-LENGTH DATA ELEMENTS--GENERAL INFORMATION
fixed length control field 180718b2002 xxu||||| |||| 00| 0 eng d
100 ## - MAIN ENTRY--PERSONAL NAME
Personal name Psacharopoulos, George
245 ## - TITLE STATEMENT
Title Returns to investment in education: a further update
Statement of responsibility, etc. by George Psacharopoulos and Harry Anthony Patrinos
260 ## - PUBLICATION, DISTRIBUTION, ETC.
Place of publication, distribution, etc. Washington, D.C.
Name of publisher, distributor, etc. World Bank
Date of publication, distribution, etc. 2002
300 ## - PHYSICAL DESCRIPTION
Extent 28p.
440 ## - SERIES STATEMENT/ADDED ENTRY--TITLE
Title Policy Research Working Paper, No.2881
700 ## - ADDED ENTRY--PERSONAL NAME
Personal name Patrinos, Harry Anthony
Holdings
Withdrawn status Lost status Damaged status Not for loan Permanent Location Current Location Date acquired Barcode Date last seen Price effective from Koha item type
        Indian Institute of Public Administration Indian Institute of Public Administration 2003-01-03 WB9459 2018-07-20 2018-07-20 WB

Powered by Koha